Statistics for Команды Единой Лиги ВТБ

Click here to take the quiz!

General Stats

  • This quiz has been taken 10 times
  • The average score is 7 of 14

Answer Stats

ГородКлуб% Correct
Санкт-ПетербургЗенит
100%
МоскваЦСКА
100%
Нижний НовгородПари НН
71%
КазаньУНИКС
57%
КрасноярскЕнисей
57%
КраснодарЛокомотив-Кубань
43%
ПермьПАРМА
43%
СамараСамара
43%
АстанаАстана
43%
СаратовАвтодор
43%
ЕкатеринбургУралмаш
29%
МоскваРуна
29%
МоскваМБА
29%
МинскМинск
29%

Score Distribution

Percentile by Number Answered

Percent of People with Each Score

Your Score History

You have not taken this quiz